00346nam a2200121Ia 4500008004000000082001300040100003800053245005500091250000500146260003300151300000800184650003200192210210b1982 xxu||||| |||| 00| 0 eng d a530 KOSH aKOSHKIN (N I) & SHIRKEVICH (M G). aHandbook of elementary physics. tr by G Leib. Ed.4 a aMoscowbMir Publishersc1982 a320 aHandbook elementary physics